A symposium on the 1915 communal riots (Record no. 3040)

MARC details
000 -LEADER
fixed length control field 006750000a22002410004500
003 - CONTROL NUMBER IDENTIFIER
control field LK-CoMWRAF
005 - DATE AND TIME OF LATEST TRANSACTION
control field 20240229115754.0
008 - FIXED-LENGTH DATA ELEMENTS--GENERAL INFORMATION
fixed length control field 230817t1970 ||||| |||| 00| 0 eng d
040 ## - CATALOGING SOURCE
Original cataloging agency LK-CoMWRAF
Modifying agency LK-CoMWRAF
Description conventions LK-CoMWRAF
041 ## - LANGUAGE CODE
Language code of text/sound track or separate title English
082 ## - DEWEY DECIMAL CLASSIFICATION NUMBER
Classification number 303.62
Item number SYM
942 ## - ADDED ENTRY ELEMENTS (KOHA)
Koha item type Conference Proceeding
700 ## - ADDED ENTRY--PERSONAL NAME
Personal name Kearney, Robert, N.
700 ## - ADDED ENTRY--PERSONAL NAME
Personal name Jayawardena, Kumari
700 ## - ADDED ENTRY--PERSONAL NAME
Personal name Blackton, Charles, S.
700 ## - ADDED ENTRY--PERSONAL NAME
Personal name Fernando, F.T.M.
700 ## - ADDED ENTRY--PERSONAL NAME
Personal name Roberts, Michael
245 ## - TITLE STATEMENT
Title A symposium on the 1915 communal riots
260 ## - PUBLICATION, DISTRIBUTION, ETC. (IMPRINT)
Place of publication, distribution, etc. Colombo:
Name of publisher, distributor, etc. Michael Roberts,
Date of publication, distribution, etc. 1970
300 ## - PHYSICAL DESCRIPTION
Extent 121 p.
490 ## - SERIES STATEMENT
Series statement Ceylon studies seminar 1969 /70 series
650 ## - SUBJECT ADDED ENTRY--TOPICAL TERM
Topical term or geographic name as entry element COMMUNAL RIOTS-Sri Lanka
Holdings
Withdrawn status Lost status Damaged status Not for loan Permanent Location Current Location Date acquired Full call number Barcode Koha item type
        Resource center, Muslim Women's Research And Action Forum Resource center, Muslim Women's Research And Action Forum 2023-08-17 303.62 SYM RAF3867 Books

Copyright © 2023 Muslim Women's Research and Action Forum (MWRAF), No 27/3, Anderson Road, Kalubowila, Dehiwela. Funded by The Asia Fundation